| 000 | 00000nam##2200000za#4500 |
| 001 | 9.578596 |
| 003 | CaOODSP |
| 005 | 20210624190149 |
| 007 | cr ||||||||||| |
| 008 | 150406|1988||||xxc|||||o f|0| 0 eng|d |
| 022 | |a1488-5379 |
| 040 | |aCaOODSP|beng |
| 043 | |an-cn--- |
| 086 | 1 |aFs97-6/1629E-PDF |
| 110 | 1 |aCanada. |bDepartment of Fisheries and Oceans. |
| 245 | 14|aThe 1978, 1980, 1982 and 1984 returns of even year pink salmon stocks to the Johnstone Strait Study Area / |h[electronic resource]|cby A.P. Gould, A.P. Stefanson and L. Hop Wo. |
| 260 | |aNanaimo - British Columbia : |bFisheries and Oceans Canada |c1988. |
| 300 | |a62p.|bfigs., references, tables |
| 490 | 1 |aCanadian technical report of fisheries and aquatic sciences|x1488-5379|vNo. 1629 |
| 500 | |aOn t.p.: Fisheries Branch, Nanaimo, British Columbia. The catalogue number and ISSN for the print edition appear in the PDF version. |
| 546 | |a(Résumé en français) |
| 590 | |a14-03-Supp|b2014-01-17 |
| 720 | 1 |aHop Wo, L. |
| 720 | 1 |aGould, A. P. |
| 720 | 1 |aStefanson, A. P. |
| 830 | #0|aCanadian technical report of fisheries and aquatic sciences,|x1488-5379|vNo. 1629|w(CaOODSP)9.504449 |
| 856 | 40|ahttp://publications.gc.ca|qPDF|s8454 KB|uhttps://publications.gc.ca/collections/collection_2014/mpo-dfo/Fs97-6-1629-eng.pdf|yNo. 1629 |